Statistics for 1977 New Orleans Saints Starters Quiz

Click here to take the quiz!

General Stats

  • This quiz has been taken 5 times
  • The average score is 6 of 22

Answer Stats

PositionPlayer% Correct
QBArchie Manning
100%
LCBErnie Jackson
100%
RGEmanuel Zanders
50%
SSChuck Crist
50%
LDTElex Price
50%
RBChuck Muncie
50%
FSTom Myers
50%
LGTerry Stieve
50%
WRDon Herrmann
50%
WRJohn Gilliam
50%
CJohn Hill
0%
LTMarv Montgomery
0%
RTDon Morrison
0%
TEHenry Childs
0%
RDTDerland Moore
0%
RDEBob Pollard
0%
LLBJim Merlo
0%
MLBJoe Federspiel
0%
RLBPat Hughes
0%
RCBClarence Chapman
0%
FBTony Galbreath
0%
LDEElois Grooms
0%

Score Distribution

Percentile by Number Answered

Percent of People with Each Score

Your Score History

You have not taken this quiz